| 000 | 00953nab a2200265 u 4500 | ||
|---|---|---|---|
| 001 | 02769 | ||
| 003 | HDC | ||
| 007 | cr bn --- | ||
| 008 | 201219p2010 xx n |0 eng | ||
| 040 | _aHDC | ||
| 100 |
_aHavinga, Tetty, _eauthor _9731 |
||
| 245 | 0 |
_aREGULATING HALAL AND KOSHER FOODS: DIFFERENT ARRANGEMENTS BETWEEN STATE, INDUSTRY AND RELIGIOUS ACTORS / _cby Tetty Havinga |
|
| 260 |
_a[No Place] : _b[publisher not identified], _c2010 |
||
| 300 | _a1 online resource (15 pages) | ||
| 336 |
_atext _2rdacontent |
||
| 337 |
_acomputer _2rdamedia |
||
| 338 |
_aonline resource _2rdacarrier |
||
| 650 |
_aFood industry and trade _9140 |
||
| 650 |
_aHalal food industry / _9128 |
||
| 650 |
_aHalal food _950 |
||
| 856 | _zRequest full-text at [email protected] | ||
| 942 | _2lcc | ||
| 942 | _cAR | ||
| 942 | _kJART 001571 | ||
| 999 |
_c156 _d156 |
||